[Event "2.BLO 1516 SK Göggingen - Nickelhütte"]
[Site "?"]
[Date "2016.02.21"]
[Round "10.2"]
[White "Nestorovic, Nikola"]
[Black "Prohaszka, Peter"]
[Result "0-1"]
[WhiteElo "2476"]
[BlackElo "2613"]
[PlyCount "116"]
[EventDate "2016.??.??"]

1. e4 e5 2. Nf3 Nc6 3. Bb5 a6 4. Ba4 Nf6 5. O-O Be7 6. d3 d6 7. c3 O-O 8. h3 b5
9. Bc2 Re8 10. Re1 Bf8 11. Be3 h6 12. a4 Bd7 13. Nbd2 Ne7 14. d4 Ng6 15. b4
exd4 16. cxd4 bxa4 17. Qb1 Rb8 18. Bxa4 d5 19. e5 Nh5 20. Bxd7 Qxd7 21. Rxa6
Rxb4 22. Qc2 Nhf4 23. Ra7 Ne6 24. g3 Qb5 25. Qa2 Ne7 26. Nb1 Rb2 27. Nc3 Rxa2
28. Nxb5 Rxa7 29. Nxa7 Rb8 30. Ra1 Rb6 31. g4 f5 32. exf6 gxf6 33. Nh4 h5 34.
Kg2 hxg4 35. hxg4 Kf7 36. Ra5 c6 37. Kg3 Ke8 38. Nf5 Kd7 39. Ra1 Rb7 40. Ra6
Nxf5+ 41. gxf5 Bd6+ 42. Kg4 Nd8 43. Kh5 Rb1 44. Bh6 Rh1+ 45. Kg6 Rg1+ 46. Kh5
Kc7 47. Ra2 Kb7 48. Re2 Kxa7 49. Re8 Nf7 50. Be3 Kb7 51. Re6 Kc7 52. Rxf6 Rg7
53. Rg6 Rh7+ 54. Kg4 Kd7 55. f4 Bf8 56. f6 Nd6 57. Rg8 Ke8 58. Kg5 Kf7 0-1

[Event "2.BLO 1516 SK Göggingen - Nickelhütte"]
[Site "?"]
[Date "2016.02.21"]
[Round "10.3"]
[White "Meijers, Viesturs"]
[Black "Stankovic, Milos"]
[Result "1/2-1/2"]
[WhiteElo "2441"]
[BlackElo "2420"]
[PlyCount "71"]
[EventDate "2016.??.??"]

1. d4 e6 2. g3 Nf6 3. Bg2 c5 4. Nf3 Be7 5. b3 O-O 6. O-O Nc6 7. Bb2 d5 8. Nbd2
b5 9. dxc5 Bxc5 10. c4 bxc4 11. bxc4 Be7 12. Rb1 Bd7 13. cxd5 Nxd5 14. Nc4 Rc8
15. e4 Nb6 16. Nxb6 axb6 17. Nd4 Na5 18. Qg4 Bf6 19. Rfd1 Qe7 20. Qe2 Ba4 21.
e5 Bg5 22. Rd3 Qa7 23. Qg4 Bh6 24. Nf5 Bc2 25. Nxh6+ Kh8 26. Be4 Bxb1 27. Qh5
Bxd3 28. Bxd3 g6 29. Qh4 Rg8 30. Qf6+ Rg7 31. Ba3 Nc4 32. Bxc4 Qxa3 33. Nxf7+
Kg8 34. Nh6+ Kh8 35. Nf7+ Kg8 36. Nh6+ 1/2-1/2

[Event "2.BLO 1516 SK Göggingen - Nickelhütte"]
[Site "?"]
[Date "2016.02.21"]
[Round "10.4"]
[White "Arnaudov, G. Petar"]
[Black "Slobodjan, Roman"]
[Result "1-0"]
[WhiteElo "2450"]
[BlackElo "2471"]
[PlyCount "55"]
[EventDate "2016.??.??"]

1. Nf3 d5 2. c4 e6 3. g3 dxc4 4. Bg2 c5 5. Na3 Nc6 6. Nxc4 Nf6 7. O-O Be7 8. b3
O-O 9. Bb2 Bd7 10. d4 cxd4 11. Nxd4 Rc8 12. Rc1 Nxd4 13. Qxd4 Bc6 14. Bxc6 Qxd4
15. Bxd4 Rxc6 16. Ne5 Rxc1 17. Rxc1 Bd6 18. Nd3 Ra8 19. f3 Nd7 20. e4 e5 21.
Be3 Kf8 22. Nb2 Ke7 23. Nc4 Rc8 24. Kg2 Ke6 25. f4 exf4 26. gxf4 b5 27. f5+ Ke7
28. f6+ 1-0

[Event "2.BLO 1516 SK Göggingen - Nickelhütte"]
[Site "?"]
[Date "2016.02.21"]
[Round "10.6"]
[White "Rooze, Jan"]
[Black "Gaponenko, Inna"]
[Result "0-1"]
[WhiteElo "2330"]
[BlackElo "2393"]
[PlyCount "58"]
[EventDate "2016.??.??"]

1. Nf3 d5 2. c4 e6 3. g3 Nf6 4. Bg2 dxc4 5. Qa4+ Nbd7 6. Qxc4 c5 7. O-O a6 8.
Qb3 Rb8 9. d4 b5 10. Bf4 Rb6 11. Rd1 Bb7 12. dxc5 Bxc5 13. Nc3 O-O 14. Ne1 Bxg2
15. Nxg2 h6 16. Rac1 Rc6 17. a4 b4 18. Nb1 Qb6 19. Be3 Rfc8 20. Rc4 Nd5 21.
Rdc1 Nxe3 22. a5 Qxa5 23. Nxe3 Ne5 24. R4c2 Bxe3 25. fxe3 Rxc2 26. Rxc2 Rxc2
27. Qxc2 b3 28. Qxb3 Qe1+ 29. Kg2 Qxe2+ 0-1

[Event "2.BLO 1516 SK Göggingen - Nickelhütte"]
[Site "?"]
[Date "2016.02.21"]
[Round "10.7"]
[White "Spiess, Gunter"]
[Black "Kukov, Velislav"]
[Result "1-0"]
[WhiteElo "2410"]
[BlackElo "2354"]
[PlyCount "157"]
[EventDate "2016.??.??"]

1. d4 Nc6 2. c4 d5 3. Nc3 dxc4 4. Nf3 Nf6 5. e4 Bg4 6. Be3 e5 7. d5 Ne7 8. Bxc4
a6 9. h3 Bxf3 10. Qxf3 Ng6 11. O-O Bd6 12. Rac1 Nd7 13. Ne2 Qf6 14. Qxf6 Nxf6
15. Ng3 Ne7 16. Bg5 Nd7 17. Be2 g6 18. Rc2 h6 19. Bd2 c6 20. dxc6 Nxc6 21. Be3
Nd4 22. Bxd4 exd4 23. f4 f6 24. Bg4 Rd8 25. Rd2 Nb6 26. Be6 Rh7 27. Ne2 Re7 28.
f5 Be5 29. Nf4 g5 30. Nd3 Bd6 31. Rc1 Rc7 32. Rxc7 Bxc7 33. Rc2 Bd6 34. Kf1 Nd7
35. Bxd7+ Kxd7 36. Ke2 b6 37. Rc4 Be5 38. Ne1 h5 39. Kd3 b5 40. Rc5 Rg8 41. Nf3
Bd6 42. Rc2 g4 43. hxg4 hxg4 44. Nxd4 Rh8 45. Ne6 Rh1 46. Nc5+ Kc6 47. b4 Bxc5
48. Rxc5+ Kd6 49. Rd5+ Kc6 50. Ke3 Rb1 51. a3 Rb2 52. g3 Rb1 53. Rd2 Rf1 54.
Rf2 Re1+ 55. Kf4 Kd6 56. Rd2+ Ke7 57. Rd3 Rc1 58. Kxg4 Rc4 59. Kf4 a5 60. bxa5
Ra4 61. Rd5 Rxa5 62. g4 Rxa3 63. Rxb5 Ra1 64. Rb7+ Kf8 65. Rb3 Ra4 66. Re3 Ke7
67. g5 fxg5+ 68. Kxg5 Ra1 69. Rb3 Rg1+ 70. Kf4 Ra1 71. Rb7+ Kf8 72. e5 Ra6 73.
Kg5 Kg8 74. e6 Ra1 75. Rb8+ Kg7 76. f6+ Kh7 77. Rb7+ Kh8 78. Kg6 Rg1+ 79. Kf7
1-0

[Event "2.BLO 1516 SK Göggingen - Nickelhütte"]
[Site "?"]
[Date "2016.02.21"]
[Round "10.8"]
[White "Hausner, Ivan"]
[Black "Wichmann, Cliff"]
[Result "1/2-1/2"]
[WhiteElo "2332"]
[BlackElo "2329"]
[PlyCount "20"]
[EventDate "2016.??.??"]

1. c4 e6 2. g3 d5 3. Bg2 Nf6 4. Nf3 c6 5. Qc2 b6 6. d4 Nbd7 7. O-O Ba6 8. Nbd2
Rc8 9. b3 c5 10. Bb2 cxd4 1/2-1/2

[Event "2.BLO 1516 SC Garching - MSA Zugzwang"]
[Site "?"]
[Date "2016.02.21"]
[Round "10.1"]
[White "Bromberger, Stefan"]
[Black "Koepke, Christian"]
[Result "1-0"]
[WhiteElo "2523"]
[BlackElo "2322"]
[PlyCount "71"]
[EventDate "2016.??.??"]

1. d4 Nf6 2. c4 g6 3. Nc3 Bg7 4. e4 d6 5. Nge2 O-O 6. Ng3 a6 7. Be2 c5 8. d5 b5
9. cxb5 axb5 10. Bxb5 Ba6 11. O-O Qb6 12. a4 Bxb5 13. Nxb5 h5 14. Bg5 Nbd7 15.
h3 Rfc8 16. Qc2 c4 17. Be3 Qb7 18. Ne2 Nc5 19. Bxc5 Rxc5 20. Ned4 Nd7 21. f4
Qb6 22. Kh1 Bxd4 23. Nxd4 Rc7 24. Nb5 Rcc8 25. f5 Kg7 26. fxg6 fxg6 27. Qc3+
Ne5 28. Nd4 Rab8 29. Ne6+ Kg8 30. Qd2 Kh7 31. Rf2 Rg8 32. Raf1 Rg7 33. Rf8 Rxf8
34. Rxf8 Rg8 35. Rxg8 Kxg8 36. Qh6 1-0

[Event "2.BLO 1516 SC Garching - MSA Zugzwang"]
[Site "?"]
[Date "2016.02.21"]
[Round "10.2"]
[White "Bredl, Harald"]
[Black "Kindermann, Stefan"]
[Result "1/2-1/2"]
[WhiteElo "2341"]
[BlackElo "2515"]
[PlyCount "40"]
[EventDate "2016.??.??"]

1. d4 e6 2. c4 f5 3. Nf3 Nf6 4. Nc3 Be7 5. Bf4 O-O 6. e3 d6 7. Be2 Nh5 8. h3
Nxf4 9. exf4 Bf6 10. Qb3 c5 11. Rd1 Qe7 12. O-O Nc6 13. dxc5 dxc5 14. Rfe1 b6
15. Nb5 Bb7 16. Nd6 Nd4 17. Nxd4 Qxd6 18. Bf3 Bxd4 19. Bxb7 Rae8 20. Qf3 Re7
1/2-1/2

[Event "2.BLO 1516 SC Garching - MSA Zugzwang"]
[Site "?"]
[Date "2016.02.21"]
[Round "10.3"]
[White "Hertneck, Gerald"]
[Black "Levushkina, Elena"]
[Result "1-0"]
[WhiteElo "2459"]
[BlackElo "2305"]
[PlyCount "73"]
[EventDate "2016.??.??"]

1. d4 Nf6 2. c4 e6 3. g3 d5 4. Bg2 Bb4+ 5. Nc3 O-O 6. Nf3 Nc6 7. Qb3 Ne4 8. Qc2
Ba5 9. O-O f5 10. c5 Bxc3 11. bxc3 b6 12. Ba3 bxc5 13. Ne5 Nxe5 14. dxe5 c6 15.
Bxe4 fxe4 16. Bxc5 Rf5 17. f4 exf3 18. Rxf3 Rxf3 19. exf3 Qa5 20. Bb4 Qb6+ 21.
Qf2 Qxf2+ 22. Kxf2 Rb8 23. Ke3 Kf7 24. h4 Ba6 25. h5 Bc4 26. a4 a6 27. f4 Bb3
28. Bd6 Rb7 29. Rb1 Ke8 30. g4 g6 31. hxg6 hxg6 32. f5 exf5 33. gxf5 gxf5 34.
e6 c5 35. Kf4 d4 36. Ke5 Rb6 37. Rh1 1-0

[Event "2.BLO 1516 SC Garching - MSA Zugzwang"]
[Site "?"]
[Date "2016.02.21"]
[Round "10.4"]
[White "Seifert, Volker"]
[Black "Zysk, Robert"]
[Result "1-0"]
[WhiteElo "2343"]
[BlackElo "2396"]
[PlyCount "49"]
[EventDate "2016.??.??"]

1. d4 f5 2. g3 Nf6 3. Bg2 g6 4. Nh3 Bg7 5. O-O O-O 6. c4 d6 7. d5 Na6 8. Nf4 e5
9. dxe6 c6 10. Nc3 Qe7 11. e4 fxe4 12. Nxe4 Nxe4 13. Bxe4 Nc5 14. Bg2 Be5 15.
Re1 Qf6 16. Qe2 Nxe6 17. Nxe6 Bxe6 18. Bh6 Rfe8 19. Rad1 Bf7 20. Qd2 Bxb2 21.
Rxe8+ Rxe8 22. h4 Bc3 23. Qxd6 Re1+ 24. Kh2 Rxd1 25. Qf8# 1-0

[Event "2.BLO 1516 SC Garching - MSA Zugzwang"]
[Site "?"]
[Date "2016.02.21"]
[Round "10.5"]
[White "Gerigk, Erasmus"]
[Black "Schmitz, Thorsten"]
[Result "0-1"]
[WhiteElo "2391"]
[BlackElo "2312"]
[PlyCount "78"]
[EventDate "2016.??.??"]

1. e4 d5 2. exd5 Nf6 3. d4 Bg4 4. Bb5+ c6 5. dxc6 Nxc6 6. f3 Bf5 7. c3 e6 8.
Ne2 Be7 9. O-O O-O 10. Ng3 Bg6 11. f4 Qb6 12. Qb3 Rad8 13. Be2 Qc7 14. Na3 h5
15. Nc4 h4 16. Nh1 Rxd4 17. cxd4 Nxd4 18. Qd1 Nc2 19. f5 Bc5+ 20. Nf2 Bxf5 21.
b4 Rd8 22. Bd2 Bxb4 23. Rc1 b5 24. Rxc2 Bxc2 25. Qxc2 Rxd2 26. Qxd2 Bxd2 27.
Nxd2 Qc2 28. Rd1 Nd5 29. Bd3 Qxa2 30. Nde4 b4 31. Rc1 g6 32. Bb1 Qb2 33. Rf1
Qd4 34. Rd1 Qe3 35. Kf1 Kg7 36. Re1 Qb3 37. Kg1 a5 38. Nd2 Qb2 39. Nc4 Qc3 0-1

[Event "2.BLO 1516 SC Garching - MSA Zugzwang"]
[Site "?"]
[Date "2016.02.21"]
[Round "10.6"]
[White "Rusche, Johannes"]
[Black "Lammers, Markus"]
[Result "1/2-1/2"]
[WhiteElo "2252"]
[BlackElo "2329"]
[PlyCount "56"]
[EventDate "2016.??.??"]

1. e4 d6 2. d4 Nf6 3. Nc3 e5 4. Nf3 Nbd7 5. Bc4 Be7 6. O-O O-O 7. Re1 c6 8. a4
b6 9. h3 a6 10. Ba2 Bb7 11. Nh4 Nxe4 12. Nxe4 Bxh4 13. dxe5 dxe5 14. a5 Be7 15.
Nd6 Qc7 16. Nf5 Bf6 17. Qg4 Kh8 18. Rd1 e4 19. axb6 Nxb6 20. Bf4 Be5 21. Qxg7+
Bxg7 22. Bxc7 Nd5 23. Bd6 Rfd8 24. c4 Bxb2 25. Rab1 Bc8 26. Be7 Re8 27. Rxb2
Nxe7 28. Nd6 Rf8 1/2-1/2

[Event "2.BLO 1516 SC Garching - MSA Zugzwang"]
[Site "?"]
[Date "2016.02.21"]
[Round "10.7"]
[White "Hoffmeyer, Falk"]
[Black "Schleich, Markus"]
[Result "1-0"]
[WhiteElo "2325"]
[BlackElo "2222"]
[PlyCount "89"]
[EventDate "2016.??.??"]

1. d4 g6 2. e4 Bg7 3. c4 d6 4. Nc3 Nf6 5. Be2 O-O 6. Bg5 c5 7. d5 e6 8. Qd2
exd5 9. exd5 Qb6 10. Nf3 Bf5 11. O-O Ne4 12. Nxe4 Bxe4 13. Rae1 Bxf3 14. Bxf3
Nd7 15. b3 Rfe8 16. Rxe8+ Rxe8 17. Re1 Ne5 18. Kf1 Kf8 19. Bd1 f6 20. Be3 a6
21. a4 Nf7 22. g4 Qd8 23. Bf4 Rxe1+ 24. Qxe1 Ne5 25. Qe4 Qa5 26. Qc2 Nf7 27.
Bd2 Qd8 28. Qe4 Qe7 29. Qxe7+ Kxe7 30. f4 g5 31. Bc2 h6 32. Bf5 Nd8 33. a5 Bf8
34. Ke2 Kf7 35. Kf3 Be7 36. Ke4 Kg7 37. Bd7 Kg6 38. Bc3 Kg7 39. Kf5 Kf7 40. Bc8
Kg7 41. Be1 gxf4 42. Kxf4 Kg6 43. Bc3 Kg7 44. Kf5 Kf7 45. h4 1-0

[Event "2.BLO 1516 SC Garching - MSA Zugzwang"]
[Site "?"]
[Date "2016.02.21"]
[Round "10.8"]
[White "Pitschka, Claus"]
[Black "Panteleev, Petar"]
[Result "1/2-1/2"]
[WhiteElo "2235"]
[BlackElo "2239"]
[PlyCount "121"]
[EventDate "2016.??.??"]

1. d4 Nf6 2. Nc3 d5 3. Bg5 Nbd7 4. e3 e6 5. Nf3 c5 6. Be2 Be7 7. O-O a6 8. Ne5
Nxe5 9. dxe5 Nd7 10. Bxe7 Qxe7 11. f4 O-O 12. Bf3 f6 13. exf6 Nxf6 14. Qd2 Bd7
15. e4 Bb5 16. Nxb5 axb5 17. exd5 Qd7 18. Rfd1 exd5 19. Bxd5+ Kh8 20. Bf3 Qf7
21. a3 Ra6 22. Re1 Qc7 23. Rad1 b4 24. axb4 Rb6 25. b5 Rxb5 26. b3 c4 27. bxc4
Qxc4 28. Be2 Qc5+ 29. Qd4 Qxd4+ 30. Rxd4 Rc5 31. Bd3 Rc7 32. f5 Rfc8 33. g4 h6
34. h4 Nh7 35. Kf2 Kg8 36. Kf3 Kf8 37. Kf4 Nf6 38. g5 Ng8 39. Re6 hxg5+ 40.
hxg5 Ne7 41. Red6 Nc6 42. R4d5 Nb4 43. Rb5 Nxc2 44. Bxc2 Rxc2 45. Rxb7 R8c4+
46. Ke5 Re2+ 47. Kd5 Rd2+ 48. Kxc4 Rxd6 49. g6 Rd1 50. Rf7+ Kg8 51. Re7 Kf8 52.
Re5 Rd2 53. Rd5 Re2 54. Kd4 Re1 55. Rd8+ Ke7 56. Rg8 Kf6 57. Rf8+ Kg5 58. Rf7
Re2 59. Kd5 Re1 60. Kd6 Re2 61. Rxg7 1/2-1/2

[Event "2.BLO 1516 Bad Mergentheim - AE Magdebu"]
[Site "?"]
[Date "2016.02.21"]
[Round "10.1"]
[White "Degtiarev, Evgeny"]
[Black "Ikonnikov, Vyacheslav"]
[Result "0-1"]
[WhiteElo "2411"]
[BlackElo "2544"]
[PlyCount "58"]
[EventDate "2016.??.??"]

1. d4 Nf6 2. c4 e6 3. g3 Bb4+ 4. Bd2 c5 5. Bxb4 cxb4 6. Bg2 O-O 7. e4 d6 8. Ne2
e5 9. O-O a5 10. a3 Na6 11. axb4 Nxb4 12. Nbc3 Bg4 13. dxe5 dxe5 14. Nd5 Nfxd5
15. cxd5 Rc8 16. f3 Qb6+ 17. Kh1 Bd7 18. Nc3 Na6 19. Rb1 Nc5 20. b3 Na6 21. Na4
Qd6 22. f4 f6 23. Nb2 b5 24. Ra1 Nb4 25. Rf2 Rc3 26. fxe5 Qxe5 27. Rd2 Rfc8 28.
d6 Rc2 29. Rxc2 Rxc2 0-1

[Event "2.BLO 1516 Bad Mergentheim - AE Magdebu"]
[Site "?"]
[Date "2016.02.21"]
[Round "10.2"]
[White "Karpatchev, Aleksandr"]
[Black "Heinemann, Josefine"]
[Result "1-0"]
[WhiteElo "2475"]
[BlackElo "2280"]
[PlyCount "107"]
[EventDate "2016.??.??"]

1. e4 c5 2. c3 Nf6 3. e5 Nd5 4. d4 cxd4 5. cxd4 d6 6. Nf3 e6 7. a3 Nc6 8. Bd3
Be7 9. O-O O-O 10. Qe2 Bd7 11. Qe4 f5 12. exf6 Nxf6 13. Qh4 d5 14. Bg5 h6 15.
Bxh6 gxh6 16. Qg3+ Kh8 17. Qg6 Ne4 18. Qxh6+ Kg8 19. Qg6+ Kh8 20. Nc3 Qe8 21.
Qh6+ Kg8 22. Nxe4 dxe4 23. Bxe4 Qf7 24. Rad1 Qg7 25. Qe3 Bd6 26. d5 Bf4 27. Qb3
Nd8 28. g3 Bc7 29. dxe6 Bxe6 30. Bd5 Bf7 31. Rfe1 Bb6 32. Re5 Kh8 33. Re4 Nc6
34. Rh4+ Kg8 35. Bxf7+ Qxf7 36. Rd5 Ne5 37. Rf4 Nxf3+ 38. Qxf3 Qg6 39. Rdf5
Rxf5 40. Rxf5 Re8 41. Qd5+ Qe6 42. Rg5+ Kh8 43. Rh5+ Kg7 44. Qxb7+ Re7 45. Qf3
Qe1+ 46. Kg2 Qe4 47. Rg5+ Kh6 48. Rf5 Qxf3+ 49. Rxf3 Re2 50. b3 Ra2 51. a4 Kg6
52. h4 Bd4 53. Rf4 Bb6 54. g4 1-0

[Event "2.BLO 1516 Bad Mergentheim - AE Magdebu"]
[Site "?"]
[Date "2016.02.21"]
[Round "10.3"]
[White "Andre, Gordon"]
[Black "Ivanov, Mikail"]
[Result "0-1"]
[WhiteElo "2262"]
[BlackElo "2373"]
[PlyCount "66"]
[EventDate "2016.??.??"]

1. d4 e6 2. c4 Bb4+ 3. Bd2 a5 4. a3 Bxd2+ 5. Qxd2 d5 6. e3 Nf6 7. Nc3 O-O 8.
Nf3 Nbd7 9. Be2 b6 10. cxd5 exd5 11. O-O Qe7 12. Rfe1 Bb7 13. Rac1 Ne4 14. Qc2
f5 15. Nd2 c6 16. Bd3 Rae8 17. f3 Nxd2 18. Qxd2 Qg5 19. Qf2 Re7 20. Rc2 c5 21.
Bb5 c4 22. Na4 Qf6 23. b3 cxb3 24. Rc7 Nb8 25. Rec1 Rxc7 26. Rxc7 Ba6 27. Qe2
Qd6 28. Ra7 Qxa3 29. Bxa6 Qxa4 30. Qb5 Qxb5 31. Bxb5 b2 32. Bd3 Nc6 33. Rb7 Nb4
0-1

[Event "2.BLO 1516 Bad Mergentheim - AE Magdebu"]
[Site "?"]
[Date "2016.02.21"]
[Round "10.4"]
[White "Panzalovic, Srdjan"]
[Black "Woellermann, Jan"]
[Result "1/2-1/2"]
[WhiteElo "2436"]
[BlackElo "2361"]
[PlyCount "62"]
[EventDate "2016.??.??"]

1. Nf3 Nf6 2. c4 b6 3. g3 c5 4. Bg2 Bb7 5. O-O g6 6. Nc3 Bg7 7. d4 cxd4 8. Qxd4
d6 9. Be3 Nbd7 10. Rac1 O-O 11. Qh4 Rc8 12. b3 a6 13. Rfd1 Rc7 14. Bh3 Qb8 15.
g4 Rfc8 16. g5 Ne8 17. Nd5 Bxd5 18. cxd5 Qb7 19. Nd4 Rxc1 20. Bxc1 Rc5 21. Be3
Nb8 22. Bg2 Rc8 23. Nc6 Nxc6 24. dxc6 Qc7 25. Qa4 Ra8 26. Rc1 e6 27. Rc2 Be5
28. Qb4 Rb8 29. Qa4 Ra8 30. Qb4 Rb8 31. Qa4 Ra8 1/2-1/2

[Event "2.BLO 1516 Bad Mergentheim - AE Magdebu"]
[Site "?"]
[Date "2016.02.21"]
[Round "10.6"]
[White "Gasthofer, Viktor"]
[Black "Paul, Johannes"]
[Result "0-1"]
[WhiteElo "2309"]
[BlackElo "2275"]
[PlyCount "92"]
[EventDate "2016.??.??"]

1. c4 e5 2. Nc3 Nf6 3. Nf3 Nc6 4. e3 Be7 5. d4 exd4 6. Nxd4 O-O 7. Be2 Bb4 8.
O-O Bxc3 9. bxc3 Qe7 10. a4 d6 11. Nxc6 bxc6 12. c5 d5 13. Qd4 a5 14. Ba3 Re8
15. Rfe1 Qe4 16. Bd3 Qe6 17. Rab1 Ng4 18. c4 Qh6 19. h3 Ne5 20. cxd5 cxd5 21.
f4 Nxd3 22. Qxd3 Qc6 23. Qc3 Qxa4 24. Bb2 f6 25. Ra1 Qb5 26. Qd4 c6 27. Qd2 Bf5
28. Bd4 a4 29. Ra3 Reb8 30. Rea1 Qc4 31. g4 Be4 32. Kh2 Rb3 33. Rxb3 Qxb3 34.
g5 Kf7 35. gxf6 gxf6 36. Rg1 Qc2 37. Qxc2 Bxc2 38. Rg2 Be4 39. Rb2 a3 40. Rb7+
Kg6 41. Rb6 a2 42. Ba1 Ra3 43. Rxc6 Rxe3 44. f5+ Kg5 45. Bxf6+ Kf4 46. Ra6 Re1
0-1

[Event "2.BLO 1516 Bad Mergentheim - AE Magdebu"]
[Site "?"]
[Date "2016.02.21"]
[Round "10.7"]
[White "Schoene, Maria"]
[Black "Raps, Johannes"]
[Result "1-0"]
[WhiteElo "2264"]
[BlackElo "2171"]
[PlyCount "63"]
[EventDate "2016.??.??"]

1. e4 d6 2. d4 g6 3. Nc3 Bg7 4. Be3 Nf6 5. Qd2 Nc6 6. f3 e5 7. d5 Ne7 8. O-O-O
O-O 9. g4 Ne8 10. h4 f6 11. Bh3 Rf7 12. Nge2 a5 13. f4 Ra6 14. f5 c6 15. Ng3 b5
16. dxc6 b4 17. Nd5 Rxc6 18. Kb1 Nxd5 19. exd5 Ra6 20. fxg6 hxg6 21. Qd3 Nc7
22. Qxg6 Nb5 23. Nf5 Bxf5 24. Qxf5 Qb8 25. Ka1 a4 26. Bf1 b3 27. Bxb5 Qxb5 28.
c4 Qxc4 29. Rc1 Qb5 30. Rc8+ Bf8 31. Bh6 Raa7 32. Qe6 1-0

[Event "2.BLO 1516 Bad Mergentheim - AE Magdebu"]
[Site "?"]
[Date "2016.02.21"]
[Round "10.8"]
[White "Gross, Willi"]
[Black "Roseneck, Jonas"]
[Result "1-0"]
[WhiteElo "2116"]
[BlackElo "2067"]
[PlyCount "103"]
[EventDate "2016.??.??"]

1. d4 Nf6 2. c4 g6 3. Nc3 Bg7 4. e4 d6 5. Nf3 O-O 6. Be2 e5 7. O-O Nc6 8. d5
Ne7 9. Bg5 h6 10. Bxf6 Bxf6 11. b4 Bg7 12. c5 f5 13. Bd3 f4 14. Be2 g5 15. Nd2
Ng6 16. Bg4 Nh4 17. f3 Qe8 18. g3 Bxg4 19. fxg4 Ng6 20. Qe2 Qd7 21. Rac1 Rac8
22. Nc4 Rf6 23. c6 bxc6 24. dxc6 Qxc6 25. Nd5 Rf7 26. Ncb6 Qb7 27. Nxc8 Qxc8
28. Rc6 f3 29. Rxf3 Qxg4 30. Rf2 Qxe2 31. Rxe2 Nf8 32. Rf2 Ne6 33. Rxf7 Kxf7
34. Nxc7 Bf6 35. Nxe6 Kxe6 36. Ra6 Bd8 37. Rc6 Kd7 38. b5 Bb6+ 39. Kg2 Bc5 40.
g4 Bb6 41. Kf3 Bd4 42. h3 Bc5 43. Ke2 Bd4 44. Kd3 Bb6 45. Kc4 Ke6 46. Rc8 Kf7
47. Kd5 Bc5 48. a4 Kf6 49. Rc7 Bb6 50. Rd7 Bc5 51. Rxd6+ Bxd6 52. Kxd6 1-0

[Event "2.BLO 1516 SF Neuberg - SG Leipzig"]
[Site "?"]
[Date "2016.02.21"]
[Round "10.1"]
[White "Langrock, Hannes"]
[Black "Lubbe, Nikolas"]
[Result "0-1"]
[WhiteElo "2409"]
[BlackElo "2509"]
[PlyCount "78"]
[EventDate "2016.??.??"]

1. d4 Nf6 2. c4 c5 3. d5 d6 4. Nc3 g6 5. e4 Bg7 6. Bd3 O-O 7. Nf3 Bg4 8. h3
Bxf3 9. Qxf3 Nbd7 10. Qd1 a6 11. O-O e5 12. dxe6 fxe6 13. f4 Nh5 14. Kh2 Qh4
15. Qg4 Qe7 16. g3 Nb8 17. Qd1 Nc6 18. Be2 Nf6 19. Be3 Nd4 20. a4 Nd7 21. Rb1
Nb8 22. b4 cxb4 23. Bxd4 bxc3 24. Bxg7 Qxg7 25. Qxd6 Nc6 26. e5 Rad8 27. Qxe6+
Kh8 28. Rbd1 c2 29. Rxd8 Rxd8 30. Kh1 Nd4 31. Qb6 Qd7 32. Qf6+ Kg8 33. e6 Qc6+
34. Kh2 Nxe6 35. Qc3 Nd4 36. Qd3 Qe8 37. Bg4 Nf5 38. Qc3 Qe3 39. Qxe3 Nxe3 0-1

[Event "2.BLO 1516 SF Neuberg - SG Leipzig"]
[Site "?"]
[Date "2016.02.21"]
[Round "10.2"]
[White "Lubbe, Melanie"]
[Black "Solberg, Joachim"]
[Result "1/2-1/2"]
[WhiteElo "2301"]
[BlackElo "2222"]
[PlyCount "77"]
[EventDate "2016.??.??"]

1. e4 c5 2. Nf3 d6 3. d4 cxd4 4. Nxd4 Nf6 5. Nc3 e5 6. Nf3 Be7 7. Bc4 O-O 8.
O-O Nc6 9. h3 Be6 10. Bb3 Na5 11. Bg5 Nxb3 12. axb3 a6 13. Bxf6 Bxf6 14. Nd5
Rc8 15. c4 Bxd5 16. Qxd5 Qb6 17. Qd3 g6 18. Rfd1 Be7 19. Rd2 f5 20. Re2 Rf7 21.
Rd1 Rcf8 22. Re3 Kg7 23. Qc2 Rc8 24. Rd5 Qc6 25. Qd1 b5 26. c5 fxe4 27. Rxe4
Rd8 28. cxd6 Rxd6 29. Rexe5 Rxd5 30. Rxd5 Bf6 31. Rd6 Qc8 32. Nd4 Re7 33. Nc6
Rf7 34. Qd5 Bxb2 35. Nd8 Qc1+ 36. Kh2 Qf4+ 37. Kh1 Qc1+ 38. Kh2 Qf4+ 39. Kh1
1/2-1/2

[Event "2.BLO 1516 SF Neuberg - SG Leipzig"]
[Site "?"]
[Date "2016.02.21"]
[Round "10.3"]
[White "Richter, Leonard"]
[Black "Wahedi, Ahmad Siar"]
[Result "1/2-1/2"]
[WhiteElo "2313"]
[BlackElo "2290"]
[PlyCount "96"]
[EventDate "2016.??.??"]

1. e4 e6 2. d4 d5 3. Nc3 Bb4 4. e5 Ne7 5. Nf3 b6 6. Bd3 Ba6 7. O-O Bxd3 8. Qxd3
Qd7 9. Ne2 Ng6 10. h4 h5 11. g3 Nc6 12. Ng5 Be7 13. Nh3 Nb4 14. Qd1 c5 15. c3
Nc6 16. Nef4 Nxf4 17. Nxf4 g6 18. Re1 cxd4 19. cxd4 O-O-O 20. Qd3 Kb7 21. Bd2
Rc8 22. Nh3 Rc7 23. a3 Rhc8 24. Rec1 a6 25. Nf4 Bf8 26. Ne2 Ne7 27. Bb4 Rxc1+
28. Rxc1 Rxc1+ 29. Nxc1 Qc8 30. Ne2 Nf5 31. Bxf8 Qxf8 32. Qc3 Qe8 33. Qb4 a5
34. Qb3 Qc6 35. Kg2 Qc4 36. Qxc4 dxc4 37. Kf3 Kc6 38. Ke4 b5 39. Nc3 b4 40.
axb4 axb4 41. Na2 b3 42. Nc3 Ne7 43. Ke3 Kb6 44. Kd2 Ka5 45. Ne4 Kb4 46. Nc3
Nd5 47. Ne4 Nb6 48. Nc3 Nd5 1/2-1/2

[Event "2.BLO 1516 SF Neuberg - SG Leipzig"]
[Site "?"]
[Date "2016.02.21"]
[Round "10.4"]
[White "Kuenstler, Christian"]
[Black "Rausch, Stephan"]
[Result "1/2-1/2"]
[WhiteElo "2226"]
[BlackElo "2280"]
[PlyCount "29"]
[EventDate "2016.??.??"]

1. d4 d5 2. Nf3 c6 3. c4 e6 4. Nbd2 Nd7 5. g3 Ngf6 6. b3 Bb4 7. Qc2 O-O 8. Bg2
b6 9. O-O Bb7 10. Bb2 Rc8 11. Ne5 Bxd2 12. Qxd2 Qc7 13. Nxd7 Qxd7 14. Rfd1 Rfd8
15. cxd5 1/2-1/2

[Event "2.BLO 1516 SF Neuberg - SG Leipzig"]
[Site "?"]
[Date "2016.02.21"]
[Round "10.5"]
[White "Liedtke, Matthias"]
[Black "Overbeck, Thorsten"]
[Result "1/2-1/2"]
[WhiteElo "2257"]
[BlackElo "2310"]
[PlyCount "38"]
[EventDate "2016.??.??"]

1. e4 c5 2. c3 Nf6 3. e5 Nd5 4. d4 cxd4 5. Nf3 Nc6 6. cxd4 d6 7. Bc4 Nb6 8. Bb3
dxe5 9. d5 Na5 10. Nc3 g6 11. Nxe5 Nxb3 12. Qxb3 Bg7 13. Bf4 O-O 14. O-O Bf5
15. Rfe1 Re8 16. Rad1 Qc8 17. h3 h5 18. Re2 Nd7 19. Ra1 Qd8 1/2-1/2

[Event "2.BLO 1516 SF Neuberg - SG Leipzig"]
[Site "?"]
[Date "2016.02.21"]
[Round "10.6"]
[White "Seifert, Christopher"]
[Black "Boehnisch, Manfred"]
[Result "1-0"]
[WhiteElo "2278"]
[BlackElo "2324"]
[PlyCount "81"]
[EventDate "2016.??.??"]

1. c4 c6 2. Nf3 Nf6 3. Nc3 d5 4. e3 g6 5. b4 Bg7 6. Bb2 O-O 7. Qb3 a5 8. b5 Be6
9. Nd4 dxc4 10. Nxe6 cxb3 11. Nxd8 Rxd8 12. axb3 Nbd7 13. Bc4 Nd5 14. d4 Nb4
15. Ke2 e5 16. d5 e4 17. dxc6 bxc6 18. bxc6 Nc5 19. Rad1 Rdc8 20. Rd6 Kf8 21.
Rhd1 f5 22. R1d2 Rxc6 23. Rxc6 Nxc6 24. Ba3 Nb4 25. Nd5 Rb8 26. Bxb4 axb4 27.
Ra2 Be5 28. Ra7 h5 29. Ne7 Rb6 30. Nd5 Rb8 31. h3 Bd6 32. Rh7 Rb7 33. Rh8+ Kg7
34. Rd8 Bf8 35. Nf4 Ra7 36. g3 Ra2+ 37. Kf1 Ra1+ 38. Kg2 Ra7 39. Rc8 g5 40.
Nxh5+ Kg6 41. Rxf8 1-0

[Event "2.BLO 1516 SF Neuberg - SG Leipzig"]
[Site "?"]
[Date "2016.02.21"]
[Round "10.7"]
[White "Schunk, Thomas"]
[Black "Lutz, Klaus-Juergen"]
[Result "1/2-1/2"]
[WhiteElo "2194"]
[BlackElo "2313"]
[PlyCount "111"]
[EventDate "2016.??.??"]

1. c4 d6 2. Nc3 e5 3. g3 f5 4. Bg2 Nf6 5. d4 Be7 6. dxe5 dxe5 7. Qxd8+ Bxd8 8.
Nf3 Nc6 9. O-O Be6 10. b3 h6 11. Bb2 e4 12. Ne1 Be7 13. f3 exf3 14. exf3 O-O-O
15. Bh3 Bc5+ 16. Kh1 Rhe8 17. Ng2 Rd2 18. Na4 Bf8 19. Bc3 Rdd8 20. Nf4 Bd7 21.
Rfe1 Nb4 22. Red1 Nc2 23. Rac1 Ne3 24. Bxf6 Nxd1 25. Bxd8 Nf2+ 26. Kg2 Nxh3 27.
Nxh3 Re2+ 28. Kf1 Rxh2 29. Nf2 Kxd8 30. Kg1 Rh5 31. Nd3 Bd6 32. Rd1 Kc8 33. Kg2
Rg5 34. f4 Bc6+ 35. Kf2 Rh5 36. Nc3 Rh2+ 37. Ke3 Rg2 38. Ne2 b6 39. b4 Be4 40.
a3 a5 41. Rb1 axb4 42. axb4 g5 43. Rb3 Rh2 44. Nf2 Bb7 45. Nd4 gxf4+ 46. gxf4
Bxf4+ 47. Kxf4 Rxf2+ 48. Ke5 Be4 49. c5 Kb7 50. Rh3 Rb2 51. Rxh6 Rxb4 52. c6+
Ka6 53. Rh7 Rxd4 54. Kxd4 Bxc6 55. Rxc7 Kb5 56. Rf7 1/2-1/2